[Event "CRO Cup"]
[Site "Mali Losinj"]
[Date "2018.05.17"]
[Round "2.104"]
[White "Petrovic, Neven"]
[Black "Bojanic, Borislav"]
[Result "1/2-1/2"]
[WhiteElo "1888"]
[BlackElo "1914"]
[PlyCount "93"]
[EventDate "2018.05.16"]
[EventType "team-swiss"]
[EventRounds "6"]
[EventCountry "CRO"]
[SourceTitle "CBM 184 Extra"]
[Source "ChessBase"]
[SourceDate "2018.06.28"]
[SourceVersion "1"]
[SourceVersionDate "2018.06.28"]
[SourceQuality "1"]
[WhiteTeam "Mali Losinj"]
[BlackTeam "Belisce"]
[WhiteTeamCountry "CRO"]
[BlackTeamCountry "CRO"]

1. e4 c5 2. Nf3 Nc6 3. d4 cxd4 4. Nxd4 g6 5. Bc4 Bg7 6. c3 Nf6 7. Nd2 0-0 8. 0-0 Qb6 9. Nxc6 bxc6 10. Re1 d5 11. Bb3 e6 12. e5 Nd7 13. Nf3 Qc7 14. Bf4 Bb7 15. Rc1 c5 16. Qd2 Qa5 17. a3 Rad8 18. Bg5 Rc8 19. Bh6 Qb6 20. Bxg7 Kxg7 21. Ba4 Bc6 22. Bxc6 Qxc6 23. h4 h6 24. Re2 Rce8 25. Rce1 Re7 26. Nh2 f5 27. Qf4 c4 28. Nf3 Nc5 29. Nd4 Qb6 30. Rd1 Nd3 31. Qf3 Qc7 32. Rxd3 cxd3 33. Qxd3 Qc4 34. Qg3 Kh7 35. f4 a5 36. h5 Rg8 37. hxg6+ Rxg6 38. Qh4 Reg7 39. Rf2 Qd3 40. Kh2 Qe4 41. Qh3 Qe1 42. Re2 Qf1 43. Qf3 Qc1 44. Rc2 Qe1 45. Rf2 a4 46. Qe2 Qb1 47. Qc2 1/2-1/2

[Event "CRO-chT3W"]
[Site "Croatia"]
[Date "2016.04.10"]
[Round "6.6"]
[White "Petrovic, Neven"]
[Black "Haidinger, Erik"]
[Result "1/2-1/2"]
[WhiteElo "1922"]
[BlackElo "1690"]
[PlyCount "83"]
[EventDate "2016.03.05"]
[EventType "team-tourn"]
[EventRounds "9"]
[EventCountry "CRO"]
[SourceTitle "CBM 171 Extra"]
[Source "ChessBase"]
[SourceDate "2016.04.26"]
[SourceVersion "1"]
[SourceVersionDate "2016.04.26"]
[SourceQuality "1"]
[WhiteTeam "Mali Los¡inj"]
[BlackTeam "Crikvenica"]
[WhiteTeamCountry "CRO"]
[BlackTeamCountry "CRO"]

1. e4 c6 2. d4 d5 3. exd5 cxd5 4. Bd3 Nc6 5. c3 Nf6 6. Bf4 a6 7. Nd2 Bg4 8. Qb1 e6 9. Ngf3 Bd6 10. Ne5 Bh5 11. 0-0 Qc7 12. Re1 Nd7 13. Nb3 Ncxe5 14. dxe5 Bxe5 15. Bxe5 Nxe5 16. Nd4 Rc8 17. Be2 Bxe2 18. Rxe2 0-0 19. Qc1 b5 20. a3 Rfd8 21. Qg5 Nc4 22. Rae1 Nd6 23. f3 Qc5 24. Kh1 a5 25. Rxe6 b4 26. Re7 h6 27. Qh5 bxc3 28. Nf5 Rf8 29. bxc3 Nxf5 30. Qxf5 Qxc3 31. Qxd5 Qxa3 32. h3 Qc5 33. Qxc5 Rxc5 34. Ra7 Rb8 35. Ree7 Rf5 36. Re1 Rb4 37. Ra1 Rbb5 38. Ra8+ Kh7 39. Ra7 Kg6 40. Ra2 Kg5 41. Kg1 h5 42. Kf2 1/2-1/2

[Event "CRO-chT2 West"]
[Site "Croatia"]
[Date "2015.10.24"]
[Round "7.6"]
[White "Kirincic, Marko"]
[Black "Petrovic, Neven"]
[Result "0-1"]
[WhiteElo "1817"]
[BlackElo "1882"]
[PlyCount "96"]
[EventDate "2015.02.21"]
[EventType "team-tourn"]
[EventRounds "9"]
[EventCountry "CRO"]
[SourceTitle "EXT 2017"]
[Source "ChessBase"]
[SourceDate "2016.10.25"]
[SourceVersion "1"]
[SourceVersionDate "2016.10.25"]
[SourceQuality "1"]
[WhiteTeam "Ravna Gora Goranka"]
[BlackTeam "Mali Losinj"]
[WhiteTeamCountry "CRO"]
[BlackTeamCountry "CRO"]

1. e4 e5 2. Nf3 Nc6 3. d4 exd4 4. Nxd4 Bc5 5. Be3 Nxd4 6. Bxd4 Bxd4 7. Qxd4 Qf6 8. Qc3 c6 9. e5 Qe6 10. Qg3 d6 11. Qxg7 Qxe5+ 12. Qxe5+ dxe5 13. Nc3 Be6 14. 0-0-0 Nf6 15. f3 Nd5 16. Nxd5 cxd5 17. Bb5+ Ke7 18. Rhe1 f6 19. f4 Kd6 20. fxe5+ fxe5 21. Bd3 Rac8 22. b3 Rhg8 23. g3 h6 24. Kb2 Rgf8 25. Rd2 a5 26. a4 b6 27. Bb5 Rc5 28. Bd3 Bg4 29. c4 d4 30. Be4 Rf6 31. Kc2 Rc8 32. Rb1 Kc5 33. Re1 Rcf8 34. Bd3 Kd6 35. Be2 Bxe2 36. Rdxe2 Rf2 37. Kd1 Rxe2 38. Rxe2 Rf3 39. Rb2 Kc5 40. Ke1 e4 41. g4 d3 42. Rf2 Kd4 43. h4 Rxf2 44. Kxf2 e3+ 45. Ke1 Kc3 46. g5 hxg5 47. hxg5 d2+ 48. Kd1 Kd3 0-1

[Event "CRO-chT2 West"]
[Site "Croatia"]
[Date "2015.02.22"]
[Round "3.6"]
[White "Juras, Zvonko"]
[Black "Petrovic, Neven"]
[Result "0-1"]
[WhiteElo "1885"]
[BlackElo "1882"]
[PlyCount "76"]
[EventDate "2015.02.21"]
[EventType "team-tourn"]
[EventRounds "9"]
[EventCountry "CRO"]
[SourceTitle "EXT 2016"]
[Source "ChessBase"]
[SourceDate "2015.10.08"]
[SourceVersion "1"]
[SourceVersionDate "2015.10.08"]
[SourceQuality "1"]
[WhiteTeam "Buje"]
[BlackTeam "Mali Losinj"]
[WhiteTeamCountry "CRO"]
[BlackTeamCountry "CRO"]

1. e4 e5 2. Nf3 Nc6 3. Bb5 Bc5 4. 0-0 Nge7 5. c3 Bb6 6. d4 exd4 7. cxd4 0-0 8. d5 Nb8 9. Ba4 d6 10. h3 Nd7 11. Nc3 Nc5 12. Bc2 a5 13. b3 Bd7 14. Bb2 Ng6 15. Ne2 Re8 16. Ng3 Ne5 17. Nd4 a4 18. Rc1 axb3 19. axb3 Qh4 20. Ngf5 Bxf5 21. Nxf5 Qd8 22. Kh2 f6 23. f4 Ng6 24. Qf3 Ra2 25. Bc3 Rxc2 26. Rxc2 Rxe4 27. g3 Qe8 28. h4 Ne7 29. Ne3 Qb5 30. b4 Qd3 31. bxc5 Rxe3 32. Qd1 Bxc5 33. Qxd3 Rxd3 34. Re1 Nxd5 35. Rd2 Nxf4 36. gxf4 Rxc3 37. Rde2 d5 38. Rd1 d4 0-1

[Event "CRO-chT2 West"]
[Site "Croatia"]
[Date "2015.02.22"]
[Round "2.6"]
[White "Petrovic, Neven"]
[Black "Zezelj, Milan"]
[Result "1/2-1/2"]
[WhiteElo "1882"]
[BlackElo "2018"]
[PlyCount "81"]
[EventDate "2015.02.21"]
[EventType "team-tourn"]
[EventRounds "9"]
[EventCountry "CRO"]
[SourceTitle "EXT 2016"]
[Source "ChessBase"]
[SourceDate "2015.10.08"]
[SourceVersion "1"]
[SourceVersionDate "2015.10.08"]
[SourceQuality "1"]
[WhiteTeam "Mali Losinj"]
[BlackTeam "Rijeka Rijeka II"]
[WhiteTeamCountry "CRO"]
[BlackTeamCountry "CRO"]

1. e4 Nc6 2. d4 e5 3. Nf3 exd4 4. Nxd4 Qh4 5. Be3 Qxe4 6. Nc3 Bb4 7. Ndb5 Kd8 8. a3 Bxc3+ 9. Nxc3 Qe6 10. Be2 Nge7 11. Qd2 d6 12. 0-0-0 Bd7 13. Rhe1 Kc8 14. f4 Rd8 15. Bf2 Qg6 16. Bf3 Bg4 17. Qe2 Bxf3 18. Qxf3 Rb8 19. Bxa7 Ra8 20. Bf2 Ra5 21. g4 d5 22. Ne2 b5 23. Bc5 Rd7 24. Nd4 Ra4 25. Nxb5 Rc4 26. f5 Qxg4 27. Qxg4 Rxg4 28. Na7+ Kb7 29. Nxc6 Nxc6 30. Rg1 Rc4 31. b4 f6 32. Kb2 Rf4 33. Rgf1 Rh4 34. Rf2 Ne5 35. Rd4 Nc4+ 36. Kb3 Rh3+ 37. Rd3 Rh4 38. Rd4 Rxd4 39. Bxd4 Re7 40. Bc3 Re3 41. Rg2 1/2-1/2

[Event "CRO-chT2 West"]
[Site "Croatia"]
[Date "2013.04.21"]
[Round "5.16"]
[White "Cvencek, Mladen"]
[Black "Petrovic, Neven"]
[Result "1-0"]
[WhiteElo "2050"]
[BlackElo "1885"]
[PlyCount "95"]
[EventDate "2013.03.16"]
[EventType "team-tourn"]
[EventRounds "9"]
[EventCountry "CRO"]
[SourceTitle "EXT 2019"]
[Source "ChessBase"]
[SourceDate "2018.10.10"]
[SourceVersion "1"]
[SourceVersionDate "2018.10.10"]
[SourceQuality "1"]
[WhiteTeam "Buje"]
[BlackTeam "Mali Losinj"]
[WhiteTeamCountry "CRO"]
[BlackTeamCountry "CRO"]

1. d4 Nf6 2. Nf3 e6 3. Bg5 d5 4. e3 Be7 5. Bd3 0-0 6. 0-0 c5 7. Bxf6 Bxf6 8. c3 c4 9. Bc2 b5 10. a4 bxa4 11. Rxa4 Bd7 12. Ra2 Nc6 13. e4 Qc7 14. Nbd2 Rab8 15. e5 Be7 16. Re1 Rb7 17. h4 f6 18. Qb1 f5 19. Nf1 Qd8 20. g3 Qe8 21. Ne3 Qh5 22. Bd1 Qh6 23. Ng2 g5 24. hxg5 Bxg5 25. Nxg5 Qxg5 26. Nf4 Ne7 27. Qa1 Ra8 28. Ra6 Ng6 29. Nxe6 Bxe6 30. Rxe6 Nf4 31. Rf6 Nd3 32. Re2 f4 33. Kg2 Rg7 34. Qa5 Kh8 35. Qxd5 Rag8 36. Qf3 fxg3 37. fxg3 Qxg3+ 38. Qxg3 Rxg3+ 39. Kh2 R3g5 40. Rd2 R8g6 41. Rxg6 Rxg6 42. b3 Rh6+ 43. Kg3 cxb3 44. Rxd3 Rb6 45. d5 b2 46. Bc2 b1Q 47. Bxb1 Rxb1 48. d6 1-0

[Event "CRO-chT2 West"]
[Site "Croatia"]
[Date "2011.04.10"]
[Round "5.45"]
[White "Popovic, Mirko"]
[Black "Petrovic, Neven"]
[Result "1-0"]
[WhiteElo "1941"]
[BlackElo "1917"]
[PlyCount "93"]
[EventDate "2011.03.12"]
[EventType "team-tourn"]
[EventRounds "9"]
[EventCountry "CRO"]
[SourceTitle "EXT 2014"]
[Source "ChessBase"]
[SourceDate "2013.11.20"]
[SourceVersion "1"]
[SourceVersionDate "2013.11.20"]
[SourceQuality "1"]

1. e4 e6 2. d4 d5 3. e5 c5 4. Nf3 Nc6 5. c3 Bd7 6. Be2 cxd4 7. cxd4 Nge7 8. 0-0 Nc8 9. a3 Be7 10. b4 a6 11. Nbd2 0-0 12. Nb3 b6 13. Bd3 f5 14. exf6 Bxf6 15. Qe2 Nd6 16. Bb2 Qe8 17. Ne5 Bxe5 18. dxe5 Nf7 19. f4 Nh6 20. Bxa6 Qe7 21. g3 Kh8 22. Bd3 Rf7 23. Nd4 Nxd4 24. Bxd4 Rb8 25. Rfc1 Nf5 26. Bxf5 Rxf5 27. Rc7 g5 28. Be3 gxf4 29. Bxf4 Rg8 30. Kh1 Qd8 31. Rac1 h5 32. h4 Qe8 33. Kh2 Bb5 34. Qf3 Bc4 35. Rc2 b5 36. Qe3 Qg6 37. Rg2 Rf7 38. Rxf7 Qxf7 39. Bg5 Rf8 40. Bf6+ Kg8 41. g4 Kh7 42. Qd2 Rg8 43. Bg5 Qf3 44. gxh5 Bf1 45. Rg3 Qf5 46. Qe3 Rc8 47. Qf4 1-0

[Event "CRO-chT2 West"]
[Site "Croatia"]
[Date "2010.03.28"]
[Round "3.15"]
[White "Petrovic, Neven"]
[Black "Grguric, Domagoj"]
[Result "0-1"]
[WhiteElo "1925"]
[BlackElo "1935"]
[PlyCount "92"]
[EventDate "2010.03.27"]
[EventType "team-tourn"]
[EventRounds "9"]
[EventCountry "CRO"]
[SourceTitle "EXT 2012"]
[Source "ChessBase"]
[SourceDate "2011.11.24"]
[SourceVersion "1"]
[SourceVersionDate "2011.11.24"]
[SourceQuality "1"]

1. e4 Nf6 2. Nc3 e5 3. Bc4 Nc6 4. Nf3 Nxe4 5. Nxe4 d5 6. Bxd5 Qxd5 7. Nc3 Qd8 8. h3 Bc5 9. d3 0-0 10. Be3 Bb6 11. g4 Ba5 12. Bd2 Re8 13. Ne4 Bxd2+ 14. Qxd2 Be6 15. a3 Bd5 16. 0-0-0 b5 17. g5 a5 18. h4 a4 19. c3 Na5 20. Qe3 Nb3+ 21. Kb1 c5 22. h5 b4 23. g6 bxa3 24. h6 fxg6 25. hxg7 a2+ 26. Kc2 a1N+ 27. Rxa1 Nxa1+ 28. Kb1 Bxe4 29. dxe4 a3 30. b4 c4 31. Kxa1 Qd3 32. Qxd3 cxd3 33. Rd1 Kxg7 34. Rxd3 Red8 35. Rxd8 Rxd8 36. Nxe5 h5 37. b5 h4 38. c4 h3 39. Ng4 Rc8 40. Ka2 Rxc4 41. Kxa3 Rxe4 42. b6 Re6 43. Kb4 Rxb6+ 44. Kc4 Rd6 45. Kc5 Rd1 46. Kc4 Rg1 0-1

[Event "CRO-chT2a"]
[Site "Croatia"]
[Date "2009.10.04"]
[Round "8"]
[White "Prpic, Ivan"]
[Black "Petrovic, Neven"]
[Result "1-0"]
[WhiteElo "1980"]
[BlackElo "1949"]
[PlyCount "129"]
[EventDate "2009.04.04"]
[EventType "team-tourn"]
[EventRounds "9"]
[EventCountry "CRO"]
[SourceTitle "EXT 2011"]
[Source "ChessBase"]
[SourceDate "2010.11.26"]
[SourceVersion "1"]
[SourceVersionDate "2010.11.26"]
[SourceQuality "1"]

1. e4 e6 2. Nf3 d5 3. exd5 exd5 4. d4 Bd6 5. Be2 Ne7 6. 0-0 Bf5 7. Bg5 Nd7 8. Re1 f6 9. Bh4 c6 10. c4 Bb4 11. Nc3 0-0 12. a3 Bxc3 13. bxc3 Bg6 14. Qb3 b6 15. Bg3 Bf7 16. cxd5 b5 17. Qc2 Nxd5 18. Bd3 g6 19. Nd2 N7b6 20. Ne4 f5 21. Nd6 f4 22. Nxf7 Kxf7 23. Qe2 fxg3 24. Qe6+ Kg7 25. hxg3 Qf6 26. Qxf6+ Kxf6 27. Rec1 Rae8 28. c4 bxc4 29. Bxc4 Nxc4 30. Rxc4 Re6 31. Rac1 Rc8 32. Rc5 Ke7 33. Rxd5 cxd5 34. Rxc8 Kd7 35. Rc5 Re1+ 36. Kh2 Rd1 37. Rxd5+ Kc6 38. Rd8 Kc7 39. Rh8 Rxd4 40. Rxh7+ Kb6 41. Rg7 Rd6 42. Kh3 a6 43. Re7 Kb5 44. Re3 a5 45. f4 Ka4 46. g4 Rd1 47. f5 Rd6 48. Rf3 g5 49. f6 Rd8 50. f7 Rf8 51. Rf5 Kxa3 52. Rxa5+ Kb4 53. Rxg5 Rxf7 54. Rd5 Kc4 55. Rd1 Rh7+ 56. Kg3 Rg7 57. Kf4 Rf7+ 58. Kg5 Rf8 59. Rd6 Kc5 60. Rf6 Rg8+ 61. Kf5 Kd5 62. g5 Re8 63. g6 Re5+ 64. Kg4 Re8 65. Kg5 1-0